ठरलं...डोळस व्हायचंच (Record no. 74668)

MARC details
000 -LEADER
fixed length control field 00611nam a2200181Ia 4500
008 - FIXED-LENGTH DATA ELEMENTS--GENERAL INFORMATION
fixed length control field 090123s9999 xx 000 0 und d
082 ## - DEWEY DECIMAL CLASSIFICATION NUMBER
Item number 36600
100 ## - MAIN ENTRY--PERSONAL NAME
Personal name दाभोळकर नरेंद्र
245 ## - TITLE STATEMENT
Title ठरलं...डोळस व्हायचंच
250 ## - EDITION STATEMENT
Edition statement 1
260 ## - PUBLICATION, DISTRIBUTION, ETC. (IMPRINT)
Name of publisher, distributor, etc छाया
Date of publication, distribution, etc 2004
300 ## - PHYSICAL DESCRIPTION
Extent 107
600 ## - SUBJECT ADDED ENTRY--PERSONAL NAME
Personal name दाभोळकर नरेंद्र
630 ## - SUBJECT ADDED ENTRY--UNIFORM TITLE
Uniform title ठरलं...डोळस व्हायचंच
700 ## - ADDED ENTRY--PERSONAL NAME
Personal name दाभोळकर नरेंद्र
730 ## - ADDED ENTRY--UNIFORM TITLE
Uniform title ठरलं...डोळस व्हायचंच
942 ## - ADDED ENTRY ELEMENTS (KOHA)
Koha item type Book
Holdings
Withdrawn status Lost status Damaged status Not for loan Home library Current library Date acquired Cost, normal purchase price Total Checkouts Full call number Barcode Date last seen Cost, replacement price Price effective from Koha item type
        Jawahar Wachalanalaya, Kalwa Jawahar Wachalanalaya, Kalwa 05/22/2004 50.00   36600 KLW-36600 01/23/2009 50.00 01/23/2009 Book